<?xml version="1.0" encoding="UTF-8"?>
<record
    xmlns:xsi="http://www.w3.org/2001/XMLSchema-instance"
    xsi:schemaLocation="http://www.loc.gov/MARC21/slim http://www.loc.gov/standards/marcxml/schema/MARC21slim.xsd"
    xmlns="http://www.loc.gov/MARC21/slim">

  <leader>01665nam a22002417a 4500</leader>
  <controlfield tag="003">AR-RoUNCS</controlfield>
  <controlfield tag="005">20260701170417.0</controlfield>
  <controlfield tag="007">ta</controlfield>
  <controlfield tag="008">260701s2008    ag |||||r|||| 00| 1 spa d</controlfield>
  <datafield tag="020" ind1=" " ind2=" ">
    <subfield code="a">9789870411000</subfield>
  </datafield>
  <datafield tag="040" ind1=" " ind2=" ">
    <subfield code="a">AR-RoUNCS</subfield>
    <subfield code="b">spa</subfield>
    <subfield code="c">AR-RoUNCS</subfield>
  </datafield>
  <datafield tag="041" ind1=" " ind2=" ">
    <subfield code="a">spa</subfield>
  </datafield>
  <datafield tag="100" ind1=" " ind2=" ">
    <subfield code="a">Vargas Llosa, Mario,</subfield>
    <subfield code="d">1936-2025</subfield>
    <subfield code="e">autor</subfield>
  </datafield>
  <datafield tag="245" ind1="1" ind2="3">
    <subfield code="a">La se&#xF1;orita de Tacna ; Kathie y el hipop&#xF3;tamo / </subfield>
    <subfield code="c">Mario Vargas Llosa.</subfield>
  </datafield>
  <datafield tag="250" ind1=" " ind2=" ">
    <subfield code="a">1a ed.</subfield>
  </datafield>
  <datafield tag="260" ind1=" " ind2=" ">
    <subfield code="a">Buenos Aires : </subfield>
    <subfield code="b">Alfaguara,</subfield>
    <subfield code="c">2008.</subfield>
  </datafield>
  <datafield tag="300" ind1=" " ind2=" ">
    <subfield code="a">213 p. ; </subfield>
    <subfield code="c">20 cm.</subfield>
  </datafield>
  <datafield tag="520" ind1=" " ind2=" ">
    <subfield code="a">En La se&#xF1;orita de Tacna un escritor se esfuerza por llevar adelante su trabajo creativo, que no es otro que convocar el pasado de su familia, la historia de su decadencia, y tambi&#xE9;n las peque&#xF1;as historias personales, los amores frustrados, las vidas vividas y las que est&#xE1;n por vivir, especialmente las de la Mama&#xE9;, una anciana que convoca en escena los fantasmas de su pasado.
</subfield>
  </datafield>
  <datafield tag="520" ind1=" " ind2=" ">
    <subfield code="a">Kathie y el hipop&#xF3;tamo parece desarrollarse en una buhardilla de Par&#xED;s, pero en realidad transcurre en el mundo de su imaginaci&#xF3;n. Kathie, una mujer madura que quiere publicar un libro, ha contratado a Santiago, un escritor, para que la ayude en la tarea. A partir de ah&#xED;, ambos se relatan los fracasos vitales, las esperanzas frustradas, los anhelos &#x2014; y las miserias &#x2014; m&#xE1;s escondidos, y empiezan a descubrir por qu&#xE9; otros senderos podr&#xED;a haber transcurrido su vida. Una obra en la que nada es lo que parece y en la que las fronteras entre el mundo que llamamos real y el mundo de la fantas&#xED;a se borran hasta desaparecer.</subfield>
  </datafield>
  <datafield tag="650" ind1=" " ind2="7">
    <subfield code="2">embne</subfield>
    <subfield code="a">Literatura peruana</subfield>
  </datafield>
  <datafield tag="655" ind1=" " ind2="7">
    <subfield code="2">embne</subfield>
    <subfield code="a">Teatro</subfield>
  </datafield>
  <datafield tag="942" ind1=" " ind2=" ">
    <subfield code="2">udc</subfield>
    <subfield code="c">OG</subfield>
    <subfield code="n">0</subfield>
  </datafield>
  <datafield tag="999" ind1=" " ind2=" ">
    <subfield code="c">1074</subfield>
    <subfield code="d">1074</subfield>
  </datafield>
  <datafield tag="952" ind1=" " ind2=" ">
    <subfield code="0">0</subfield>
    <subfield code="1">0</subfield>
    <subfield code="2">udc</subfield>
    <subfield code="4">0</subfield>
    <subfield code="7">0</subfield>
    <subfield code="8">CG</subfield>
    <subfield code="a">ESOCIALES</subfield>
    <subfield code="b">ESOCIALES</subfield>
    <subfield code="d">2026-07-01</subfield>
    <subfield code="e">Donaci&#xF3;n 2023</subfield>
    <subfield code="l">0</subfield>
    <subfield code="o">82-2(85) V297</subfield>
    <subfield code="p">000226</subfield>
    <subfield code="r">2026-07-01 17:08:06</subfield>
    <subfield code="w">2026-07-01</subfield>
    <subfield code="y">OG</subfield>
  </datafield>
</record>
